Comedias escogidas de Frey Lope Felix de Lope Vega. (Registro nro. 167079)
[ vista simple ]
| 000 -LEADER | |
|---|---|
| campo de control de longitud fija | 01313nam a22002055i 4500 |
| 001 - NÚMERO DE CONTROL | |
| campo de control | 167079 |
| 003 - IDENTIFICADOR DE NÚMERO DE CONTROL | |
| campo de control | ES-MaACL |
| 005 - FECHA Y HORA DE LA ÚLTIMA TRANSACCIÓN | |
| campo de control | 20240529062950.0 |
| 008 - DATOS DE LONGITUD FIJA--INFORMACIÓN GENERAL | |
| campo de control de longitud fija | 990901m18261832sp |||| | spa d |
| 040 ## - FUENTE DE CATALOGACIÓN | |
| Centro catalogador/agencia de origen | CCPB | B |
| Lengua de catalogación | spa |
| Centro/agencia transcriptor | CCPB | B |
| 100 1# - ENTRADA PRINCIPAL--NOMBRE DE PERSONA | |
| Nombre de persona | Vega, Lope de, |
| Fechas asociadas al nombre | 1562-1635 |
| 9 (RLIN) | 113563 |
| 245 10 - MENCIÓN DEL TÍTULO | |
| Título | Comedias escogidas de Frey Lope Felix de Lope Vega. |
| 260 ## - PUBLICACIÓN, DISTRIBUCIÓN, ETC. | |
| Lugar de publicación, distribución, etc. | Madrid : |
| Nombre del editor, distribuidor, etc. | [s.n.], |
| Fecha de publicación, distribución, etc. | 1826-1832 ( |
| Fabricante | Imprenta de D.M. Ortega) |
| 300 ## - DESCRIPCIÓN FÍSICA | |
| Extensión | 4 v. ; |
| Dimensiones | 15 cm. |
| 505 8# - NOTA DE CONTENIDO CON FORMATO | |
| Nota de contenido con formato | Contiene: Tomo I. ; Los Milagros del desprecio. La Esclava de su galán. El Premio del gien hablar. El Mayor imposible, 1826, 489 p. 3 h.; Tomo II. ; La Hermosa fea. Por la puente, Juana. Al pasar el arroyo. El perro del hortelano, 1828, 216 p. 4 h. ; Tomo III. ; Las Flores de Don Juan y Rico y pobre trocados. ¡Si no vieran las mujeres!. La boba para los otros y discreta para sí. Las Bizarrias de Belisa. 1830, 274 p. ; Tomo IV. ; Lo que ha de ser. El Molino. La Dama melindrosa. Los locos de Valencia, 1832 |
| 510 4# - NOTA DE CITAS O REFERENCIAS BIBLIOGRÁFICAS | |
| Nombre de la fuente | Palau, |
| Localización dentro de la fuente | 355416 |
| 596 ## - NOTA AL PIE DE IMPRENTA | |
| NOTA AL PIE DE IMPRENTA | En el pie de imprenteta del tomo segundo: "Imprenta de Ortega y Compañia, 1828" |
| 852 ## - LOCALIZACIÓN | |
| Encuadernación | |
| Ubicación | BA |
| Número de control de estantería | R-2384-87 |
| Nota libre | -- Enc. pasta |
| Encuadernación | -- Edic.: T.IV: "Comedias escojidas ...", 1832 (556, [1] p.) y en los t.III-IV, Imprenta de Ortega |
| -- | Olim: F-1082-83 |
| Estatus retirado | Estado de pérdida | Estado de daño | No para préstamo | Colección | Biblioteca de origen | Biblioteca actual | Ubicación en estantería | Fecha de adquisición | Total de préstamos | Signatura topográfica completa | Código de barras | Visto por última vez | Precio de reemplazo | Tipo de ítem Koha |
|---|---|---|---|---|---|---|---|---|---|---|---|---|---|---|
| Libros del s. XIX | Biblioteca del Ateneo de Madrid | Biblioteca del Ateneo de Madrid | Depósito | 17/01/2008 | R-2384-87 | 1175264 | 23/02/2023 | 23/02/2023 | Libro impreso antiguo |
